000 00511nam a2200193Ia 4500
003 GCL
008 140319s9999 xx 000 0 eng d
040 _aGCL /
_cGCL
082 0 4 _a005.43
_bL W
100 1 _aLIVINGSTON, BRIAN
245 1 0 _aWINDOWS 95 SECRETS /
_cLIVINGSTON, BRIAN
700 1 _aSTRAUB, DAVIS
250 _a3RD
260 _aنيويورك :
_bI D G BOOKS WORLD WIDE, INC ،
_c1995
300 _a942 P ؛
_c22 cm.
650 0 4 _aWINDOWS 95
650 0 4 _aWINDOWS PROGRAM
942 _2ddc
_cBK
999 _c13452
_d13452